| 000 | 00750cam a22002533a 4500 | ||
|---|---|---|---|
| 001 | 3543 | ||
| 003 | PGUSA | ||
| 005 | 20140828083034.0 | ||
| 008 | 021101s2002||||xxu|||||s|||||000 | eng d | ||
| 040 |
_aPGUSA _beng |
||
| 042 | _adc | ||
| 050 | 4 | _aPR | |
| 100 | 1 |
_aShaw, Bernard, _d1856-1950 |
|
| 245 | 1 | 0 |
_aHeartbreak House _h[electronic resource] / _cBernard Shaw |
| 260 |
_bProject Gutenberg, _c2002 |
||
| 506 | _aPublic domain in the USA. | ||
| 516 | _aElectronic text | ||
| 653 | _aEngland -- Social life and customs -- 20th century -- Drama | ||
| 653 | _aWorld War, 1914-1918 -- Drama | ||
| 653 | _aUpper class -- England -- Drama | ||
| 830 | 0 |
_aProject Gutenberg _v3543 |
|
| 856 | 4 | 0 | _uhttp://www.gutenberg.org/ebooks/3543 |
| 942 | _cEB | ||
| 999 |
_c232872 _d232872 |
||